00368nam a2200133Ia 4500003000400000008004100004020002300045040000800068100001900076245009000095260002400185300001400209365001100223LDD181029s9999 xx 000 0 und d a1591406498c89.95 cLDD aChen, Shu-Heng 0aComputational economicsba perspective from computational intelligencecShu-Heng Chen aHersheybIdeac2006 axv, 318p. b89.95